000 00785nam a2200277 a 4500
003 AR-BaBNM
005 20251128203557.0
008 082120s2002 ||||||||||||||000 | spa||
040 _cAR-BaBNM
100 1 _aGandía, Enrique de
245 0 0 _aDescubrimiento de América
_bAmérica colonial hispana
250 _a3ª ed.
260 _aBuenos Aires
_bJackson
_c1947
300 _a460 p.
_bil., láms., mapas
490 0 _aHistoria de América
_vv. 4
504 _aBibliografía para consultar p. 451-460
650 4 _aHISTORIA LATINOAMERICANA
650 4 _aCOLONIZACION
650 4 _aGOBIERNO LOCAL
650 4 _aPERIODO HISPANICO
653 _aREFORMAS BORBONICAS
700 1 _aLevene, Ricardo
800 1 _aLevene, Ricardo
_edirector
942 _cBK
998 _cMariana
999 _c3990
_d3990